000 01508cad a22002535a 4500
001 E145969
008 081127s20081121xxk f s000 0 eng d
035 _a(Sirsi) u145969
041 0 _aeng
050 0 4 _a333.72 $2 18
110 2 _aScotland
_bScottish Government
_95344
245 0 0 _aConsultation on the review of species listed on schedules A1 and 1A of the Wildlife and Countryside Act 1981
_h[electronic resource]
260 _aEdinburgh
_bScottish Government
_c2008
520 _aSeeks views on proposals to amend Schedules A1 and 1A of the Wildlife and Countryside Act 1981. Schedule A1 gives protection to the nest sites of specified bird species, and 1A sets out those bird species which are protected from harassment. At present, only the white-tailed, or sea eagle is specified in these Schedules. This consultation proposes that protection be extended to the golden eagle and osprey, and potentially also to a number of other bird species. Deadline for comments is 28 February 2009.
521 _aIntroductory
590 _aKA
650 2 4 _aWILDLIFE AND COUNTRYSIDE ACT 1981 SCH A1
650 2 4 _aWILDLIFE AND COUNTRYSIDE ACT 1981 SCH 1A
650 2 4 _aNATURE CONSERVATION ACT 2004
651 4 _aScotland
_y1999-
690 _aENVIRONMENTAL AND LAND CONSULTANCY-ENVIRONMENTAL MANAGEMENT-ENVIRONMENTAL CONSERVATION-WILDLIFE CONSERVATION
856 4 0 _uhttps://www.scotland.gov.uk/Publications/2008/11/A1and1A
_zView the consultation free of charge at www.scotland.gov.uk...
942 _n0
999 _c108991
_d108991